000 00253nam a2200097Ia 4500
008 220204s9999 xx 000 0 und d
082 _a941
_bPOS
245 0 _aPost war Britain 1948-49
260 _aLondon
_bCentral Office of Information
_c1948
942 _cBK
999 _c20047
_d20047